Missing Word: Medieval History A-Z Quiz Stats

Quiz Updated Mar 16, 2015

Challenge
Share
Tweet
Embed
Score 0/24 Timer 04:00
1 Play Today
Hint Answer % Correct
Marco ____ - explorerPolo
97.7%
Magna ____ - 1215Carta
97.6%
____ Dame CathedralNotre
97.3%
____ of Arc - military leaderJoan
97.1%
Hundred ____ War - 1337-1453Years'
96.5%
Richard the ____ - kingLionheart
88.4%
Kublai ____Khan
87%
Dante's ____ Comedy - 1321Divine
85.4%
____ the Impaler - princeVlad
85.4%
____ the Conqueror - kingWilliam
85.4%
Wars of the ____ - 1455-1485Roses
81.7%
University of ____Oxford
69.2%
Hint Answer % Correct
Robert the ____ - kingBruce
63.1%
____ Sophia - church/mosqueHagia
61.6%
____ ButtressesFlying
60.3%
____ of Aquitaine - queenEleanor
59.6%
Illuminated ____Manuscript
41.2%
____ Nevsky - princeAlexander
36.7%
____ HordeGolden
35.1%
Battle of ____ - 732Tours
14.1%
____ Battuta - explorerIbn
13.2%
____ CaliphateUmayyad
13.1%
Egil's ____Saga
7.4%
Wu ____ - empressZetian
6%

Today's Daily Dose

Word Ladder
'90s Movies

Quick Pick
'Fire' Movies

On This Day
June 19th II

You're not logged in!

Compare scores with friends on all Sporcle quizzes.
Join for Free
OR
Log In

You Might Also Like...

Show Comments

Extras

Top Quizzes Today


Score Distribution

Your Account Isn't Verified!

In order to create a playlist on Sporcle, you need to verify the email address you used during registration. Go to your Sporcle Settings to finish the process.

Report this User

Report this user for behavior that violates our Community Guidelines.

Details: